MARC

LEADER 00000nam0a2200000 4500
001 268568
005 20231101234159.0
010 |a 3326001304 
035 |a (RuTPU)RU\TPU\book\291719 
090 |a 268568 
100 |a 20140904d1986 k y0gery50 ba 
101 0 |a ger 
102 |a DE 
105 |a a z 001zy 
200 1 |a Verfahrenschemie und Umweltschutz. Eine Einfuhrung  |f F. Winkler, E. Worch 
210 |a Berlin  |c VEB Deutscher Verlag der Wissenschaften  |d 1986 
215 |a 195 с.  |c il. 
320 |a Literatur: p. 185-190 
320 |a Sachverzeichnis: p. 191-195 
606 1 |a Химическая промышленность,предприятия  |x Охрана окружающей среды  |2 stltpush  |3 (RuTPU)RU\TPU\subj\31058  |9 54027 
606 1 |a Химическая экология  |2 stltpush  |3 (RuTPU)RU\TPU\subj\39145  |9 59337 
610 1 |a химическая технология 
610 1 |a окружающая природная среда 
610 1 |a загрязнение 
610 1 |a экология 
610 1 |a немецкий язык 
675 |a 504.05  |v 3 
675 |a 66.013.8  |v 3 
700 1 |a Winkler  |b F.  |g Friedrich 
701 1 |a Worch  |b E.  |g Eckhard 
801 1 |a RU  |b 63413507  |c 20140904 
801 2 |a RU  |b 63413507  |c 20161014  |g RCR 
942 |c BK